Financial markets development : (Registro nro. 8245)

Detalles MARC
000 -LEADER
fixed length control field 00916nam a2200217Ia 4500
003 - CONTROL NUMBER IDENTIFIER
control field OSt
005 - DATE AND TIME OF LATEST TRANSACTION
control field 20210805153640.0
008 - FIXED-LENGTH DATA ELEMENTS--GENERAL INFORMATION
fixed length control field 210310q1997 eu fr 000 0 eng d
040 ## - CATALOGING SOURCE
Original cataloging agency CO-JMCR
Transcribing agency CO-JMCR
041 0# - LANGUAGE CODE
Language code of text/sound track or separate title spa
082 04 - DEWEY DECIMAL CLASSIFICATION NUMBER
Classification number 332.6 /
Item number I611f
Edition number 23
110 2# - MAIN ENTRY--CORPORATE NAME
Corporate name or jurisdiction name as entry element Inter-american Development Bank
9 (RLIN) 38965
245 10 - TITLE STATEMENT
Title Financial markets development :
Remainder of title IDB activities /
Statement of responsibility, etc. Inter-american Development Bank
260 ## - PUBLICATION, DISTRIBUTION, ETC.
Place of publication, distribution, etc. Washington, D.C. :
Name of publisher, distributor, etc. Inter-American Development Bank,
Date of publication, distribution, etc. [1997]
300 ## - PHYSICAL DESCRIPTION
Extent xiv, 18 páginas ;
Dimensions 28 cm.
505 0# - FORMATTED CONTENTS NOTE
Formatted contents note Financial sector reforms within Lati America and the Caribbean -- IDB Group Lending operations -- Impact of IDB Group operations on the reform programs -- IDB-Non-Lending Activities: Strategy and support
650 14 - SUBJECT ADDED ENTRY--TOPICAL TERM
Topical term or geographic name entry element Mercado capital
Geographic subdivision América Latina
9 (RLIN) 39119
650 24 - SUBJECT ADDED ENTRY--TOPICAL TERM
Topical term or geographic name entry element Valores
9 (RLIN) 16735
Geographic subdivision América Latina
650 24 - SUBJECT ADDED ENTRY--TOPICAL TERM
Topical term or geographic name entry element Finanzas
Geographic subdivision América Latina
9 (RLIN) 39120
942 ## - ADDED ENTRY ELEMENTS (KOHA)
Source of classification or shelving scheme Dewey Decimal Classification
Koha item type Books
Existencias
Withdrawn status Lost status Source of classification or shelving scheme Damaged status Not for loan Collection code Home library Current library Date acquired Source of acquisition Full call number Barcode Date last seen Copy number Koha item type
    Dewey Decimal Classification     Non-fiction Biblioteca Pública José María del Castillo y Rada Biblioteca Pública José María del Castillo y Rada 04/15/2018 Donación 332.6 / I611f 430000509 05/16/2024 Ej.1 Books